Quelle image montre... ? - Sport - Statistiques

Statistiques générales
  • Ce quiz a été pris 900 fois
  • Le résultat moyen est 9 sur 15
Statistiques - réponses
Question Réponse % Correct
Une nage papillon ?
94%
Un sportif exerçant le sport dans lequel il est le plus connu ?
88%
Un objet utilisé en Ultimate ou Ultime-passe ?
86%
Un pilote de Formule 1 ?
80%
Le tournoi de Wimbledon au tennis ?
77%
Un sportif qui n'est pas espagnol ?
68%
Un maillot domicile porté par le Stade Toulousain ?
63%
Une prise porte-plume ?
59%
Un sportif né avant l'an 2000 ?
57%
Un club de basket-ball ?
57%
Un footballeur vainqueur du Ballon d'Or ?
54%
La couleur d'un carton au handball informant un joueur qu'il fera l'objet d'un rapport de la part des arbitres à la suite de son expulsion ?
49%
Une personnalité sportive n'ayant pas un surnom animalier ?
42%
Le pays de naissance des cyclistes Andy et Fränk Schleck ?
34%
Une ville hôte des Jeux Olympiques d'été deux fois ?
33%
Aucun quiz correspondant
Distribution des résultats
% des personnes avec chaque résultat
Percentile par nombre de réponses
Votre historique - résultats
Vous n’avez pas pris ce quiz